Stanovenie a schválenie postupov zvárania kovových materiálov. STN 05 0311. EN ISO 15609-4 : Stanovenie postupu zvárania. Časť 4: Zváranie laserovým lúčom. 1.1.2005

Salvato in:
Dettagli Bibliografici
Natura: Libro
Lingua:inglese
Pubblicazione: Bratislava : Slovenský ústav technickej normalizácie, 2005
Soggetti:
Tags: Aggiungi Tag
Nessun Tag, puoi essere il primo ad aggiungerne!!

MARC

LEADER 00000nam a22000003a 4500
001 stu93643
005 20150408161024.6
008 050422s2005----xo------------------eng-d
040 |a STU  |b slo 
041 0 |a eng 
044 |a xo 
080 |a 621.791 
245 |a Stanovenie a schválenie postupov zvárania kovových materiálov. STN 05 0311. EN ISO 15609-4 :  |b Stanovenie postupu zvárania. Časť 4: Zváranie laserovým lúčom. 1.1.2005 
260 |a Bratislava :  |b Slovenský ústav technickej normalizácie,  |c 2005 
650 7 |a zváranie  |2 stusub 
996 |b 284M051502  |c M*N-1101-1  |l MMKN  |s A  |a 24  |w stu93643_0001